000 00547nam 22001933 4500
001 198403
010 _a972-21-1763-7
021 _b235054/05
090 _a198403
100 _a20251014d u||y0pory50 ba
200 _aDicionário do cinema português 1989-2003
_fJorge Leitão Ramos
210 _aLisboa
_cEditorial Caminho
_d1989
215 _a654 p.
_cencadernado
_d25 cm
606 _aCinema. Filmes
_916666
675 _a791
_vPT
_zpor
700 _914348
_aRamos
_bJorge Leitão
801 _aPT
_bBMMN
_gRPC
830 _cFernando
_fFernando
990 _cLIVROS